| 000 -ლიდერი |
| ფიქსირებული სიგრძის საკონტროლო ველი |
00866nam a2200205Ia 4500 |
| 001 - საკონტროლო ნომერი |
| საკონტროლო ველი |
5728 |
| 003 - საკონტროლო ნომრის იდენტიფიკატორი |
| საკონტროლო ველი |
GE_BSU |
| 005 - ბოლო ოპერაციის თარიღი და დრო |
| საკონტროლო ველი |
20190628152547.0 |
| 008 - ფიქსირებული სიგრძის მონაცემთა ელემენტები - ზოგადი ინფორმაცია |
| ფიქსირებული სიგრძის საკონტროლო ველი |
181216s1961|||| |||||||||||||| ||geo|| |
| 041 ## - ენის კოდი |
| Language code of text/sound track or separate title |
geo |
| 080 ## - უნივერსალური ათობითი კლასიფიკაციის ინდექსი |
| Universal Decimal Classification number |
621.771(075.8) ნ-81 |
| 100 ## - მთავარი ჩანაწერი - პიროვნების სახელი |
| Personal name |
ნოზაძე,ა.დ. |
| 9 (RLIN) |
3054 |
| 245 ## - ცნობა სათაურის შესახებ |
| Title |
გლინვის წარმოების საფუძვლები : წიგნი პირველი / |
| Statement of responsibility, etc |
ა.დ. ნოზაძე ; ჯ.მ. ლომსაძე ; რედ : ლ.ნ.ოკლეი. |
| 264 ## - წარმოების, გამოცემის, დისტრიბუციის და სხვა ცნობები |
| გამოცემის, წარმოების, დისტრიბუციის... ადგილი |
თბილისი : |
| გამოცემის, წარმოების, დისტრიბუციის... სახელწოდება |
ცოდნა, |
| გამოცემის, წარმოების, დისტრიბუციის... თარიღი |
1961. |
| 300 ## - ფიზიკური აღწერა |
| Extent |
431 გვ .: |
| Other physical details |
ილ ; |
| Dimensions |
22 სმ. |
| 653 ## - INDEX TERM--UNCONTROLLED |
| Uncontrolled term |
გლინვის წარმოება |
| 700 ## - ADDED ENTRY--PERSONAL NAME |
| Personal name |
ლომსაძე, ჯ.მ. |
| 9 (RLIN) |
3055 |
| 700 ## - ADDED ENTRY--PERSONAL NAME |
| Personal name |
ოკლეი, ლ.ნ |
| Relator term |
რედაქტორი |
| 9 (RLIN) |
3056 |
| 942 ## - ADDED ENTRY ELEMENTS (KOHA) |
| Koha item type |
წიგნი |
| Source of classification or shelving scheme |
|